ARRUPE JESUIT UNIVERSITY

CORONAVIRUS -STOP THE SPREAD - CLEAN,DISINFECT,COVER

Food security and the challenge of GMOs / (Record no. 128533)

MARC details
000 -LEADER
fixed length control field 00989cam a2200277 a 4500
001 - CONTROL NUMBER
control field 15234815
003 - CONTROL NUMBER IDENTIFIER
control field ARRUPE
005 - DATE AND TIME OF LATEST TRANSACTION
control field 20181109094951.0
008 - FIXED-LENGTH DATA ELEMENTS--GENERAL INFORMATION
fixed length control field 080327s2007 rh ab b 000 0 eng
010 ## - LIBRARY OF CONGRESS CONTROL NUMBER
LC control number 2008315117
020 ## - INTERNATIONAL STANDARD BOOK NUMBER
International Standard Book Number 9780797434431
040 ## - CATALOGING SOURCE
Original cataloging agency DLC
Transcribing agency DLC
Modifying agency DLC
042 ## - AUTHENTICATION CODE
Authentication code lcode
043 ## - GEOGRAPHIC AREA CODE
Geographic area code as-----
050 00 - LIBRARY OF CONGRESS CALL NUMBER
Classification number HD9017.A2
Item number F658 2007
300 ## - PHYSICAL DESCRIPTION
Other physical details ill., maps ;
Dimensions 21 cm.
100 ## - MAIN ENTRY--PERSONAL NAME
Personal name Mushita, Andrew T.
9 (RLIN) 43330
245 00 - TITLE STATEMENT
Title Food security and the challenge of GMOs /
Statement of responsibility, etc Andrew T. Mushita ... [et. al].
260 ## - PUBLICATION, DISTRIBUTION, ETC. (IMPRINT)
Place of publication, distribution, etc Harare :
Name of publisher, distributor, etc Silveira House,
Date of publication, distribution, etc c2007.
300 ## - PHYSICAL DESCRIPTION
Extent x, 38 p. :
504 ## - BIBLIOGRAPHY, ETC. NOTE
Bibliography, etc Includes bibliographical references.
650 #0 - SUBJECT ADDED ENTRY--TOPICAL TERM
Topical term or geographic name as entry element Food supply
Geographic subdivision Africa, Southern.
9 (RLIN) 43331
650 #0 - SUBJECT ADDED ENTRY--TOPICAL TERM
Topical term or geographic name as entry element Genetically modified foods.
9 (RLIN) 43332
700 1# - ADDED ENTRY--PERSONAL NAME
Personal name Mushita, A.
9 (RLIN) 43333
856 41 - ELECTRONIC LOCATION AND ACCESS
Materials specified Table of contents only
Uniform Resource Identifier <a href="http://www.loc.gov/catdir/toc/fy0805/2008315117.html">http://www.loc.gov/catdir/toc/fy0805/2008315117.html</a>
906 ## - LOCAL DATA ELEMENT F, LDF (RLIN)
a 7
b cbc
c origode
d 3
e ncip
f 20
g y-gencatlg
942 ## - ADDED ENTRY ELEMENTS (KOHA)
Source of classification or shelving scheme Library of Congress Classification
Koha item type Monograph ( Printed materials)
Holdings
Withdrawn status Lost status Source of classification or shelving scheme Damaged status Not for loan Collection code Home library Current library Shelving location Date acquired Total Checkouts Full call number Barcode Date last seen Price effective from Koha item type
    Library of Congress Classification     Main Collection ARRUPE LIBRARY ARRUPE LIBRARY Main Collection 09/11/2018   HD9017.A2 F658 2007 46600002829 09/11/2018 09/11/2018 Monograph ( Printed materials)

 

Arrupe Library. PO Box MP320 Mt Pleasant, Harare, Zimbabwe
263 242 745411|librarian@aju.ac.zw